Machine Learning in Finance
Uloženo v:
| Hlavní autor: | |
|---|---|
| Médium: | Kniha |
| Vydáno: |
Springer
|
| Témata: | |
| Tagy: |
Žádné tagy, Buďte první, kdo vytvoří štítek k tomuto záznamu!
|
MARC
| LEADER | 00000nam a2200000Ia 4500 | ||
|---|---|---|---|
| 005 | 20260427112639.0 | ||
| 526 | |b FinTech | ||
| 100 | |a Dixon et al. | ||
| 020 | |a 9783030410704 | ||
| 650 | |a ML Finance | ||
| 526 | |a Masters | ||
| 942 | |c BK | ||
| 245 | |a Machine Learning in Finance | ||
| 260 | |b Springer | ||
| 999 | |c 6 |d 6 | ||
| 952 | |0 0 |1 0 |4 0 |7 0 |8 3 |a BRISTOL |b BRISTOL |d 2026-04-22 |l 0 |p 000091 |r 2026-04-27 11:26:39 |w 2026-04-27 |y BK | ||